000 00294nam a22001337a 4500
020 _a333 11720 4
041 _aENG
100 _aDake.J.M.K
245 _aEssentials of Engineering Hydraulics
260 _aChana
_bMacmillan
_c1972
300 _a392
650 _aIDE ( 05 )
856 _uIDE ( 05 )
999 _c2802
_d2802